| 000 | 01687aam a2200349 i 4500 | ||
|---|---|---|---|
| 001 | 768714001 | ||
| 003 | CO-MdFUSB | ||
| 005 | 20250613092935.0 | ||
| 007 | ta | ||
| 008 | 250613t2007 -us |||| |||| 00| 0 spa d | ||
| 020 | _a9780829748659 | ||
| 040 | _cCO-MdFUSB | ||
| 041 | 0 | _aspa | |
| 082 | 0 | 4 |
_223 _a220.61 _bF2951f |
| 100 | 1 |
_aFee, Gordon D. _eautor |
|
| 245 | 1 | 0 |
_aLectura eficaz de la Biblia _c/ Gordon D. Fee ; Douglas Stuart ; traducido por Omar Díaz de Arce |
| 250 | _atercera edición | ||
| 264 | 1 |
_bVida, _aFlorida, Estados Unidos : _c[2007] |
|
| 264 | 4 | _c©2007 | |
| 300 | _a287 páginas | ||
| 336 |
_atexto _btxt _2rdacontent |
||
| 337 |
_2rdamedia _asin mediación _bn |
||
| 338 |
_2rdacarrier _avolumen _bnc |
||
| 505 | _aIntroducción: La necesidad de interpretar. -- La herramienta básica: una buna traducción. -- Las epístolas: aprender a pensar de acuerdo al contexto. -- Las epístolas: las preguntas hermenéuticas. -- Los relatos del Antiguo Testamento: su uso apropiado. -- Hechos: las cuestiones del presente histórico. -- Los Evangelios: una historia, muchas dimensiones. -- Las parábolas: ¿comprende lo que digo? -- La(s) Ley (es): Estipulaciones del pacto para Israel. -- Los profetas: Intento de hacer cumplir el Pacto en Israel. -- Los Salmos: Las oraciones de Israel y las nuestras. -- La sabiduría: Entonces y ahora. -- El Apocalipsis: imágenes de juicio y esperanza. | ||
| 563 | _aRústico | ||
| 630 | 0 | 7 |
_aBiblia _xCrítica, interpretación, etc. |
| 650 | 7 |
_aHermenéutica bíblica _2embne _97333 |
|
| 700 |
_aDouglas, Stuart, _910797 _eautor |
||
| 700 |
_aDíaz de Arce, Omar, _95945 _etraductor |
||
| 942 | _cBK | ||
| 945 | _aJTF-925 | ||
| 999 |
_c43671 _d43671 |
||